000 01021nam a2200277 a 4500
001 ocn877789756
005 20170608111011.0
008 1 s1997 enk rb 001 0 eng d
020 _a0080430724
020 _a9780080430720
035 _a(OCoLC)877789756
040 _aCo-BoUCM
_bspa
_cEdgar Pinilla
_dEdgar Pinilla
100 1 _aBennich-Björkman, Li
_979335
245 1 0 _aOrganising innovative research
_bthe inner life of university departments
_cLi Bennich-Björkman
260 _aOxford (Inglaterra)
_bPublished for the IAU Press Pergamon
_c1997
300 _axiii, 185 páginas
490 0 _aIssues in higher education
504 _aIncluye referencias bibliográficas e índices
650 0 4 _aEducación superior
_vEstudio de casos
_zSuecia
_979336
650 0 4 _aUniversidades
_zSuecia
_979337
650 0 4 _aCultura corporativa
_zSuecia
_979338
690 0 _aEducación superior
_9177
942 _2DEWEY
_a10
_cLIBRO
_e1
_h378.055
_mB472
041 _aeng
999 _c304196
_d304196